Focus (Record no. 83130)
[ view plain ]
| 000 -LEADER | |
|---|---|
| fixed length control field | 01109cab a22002175a 4500 |
| 001 - CONTROL NUMBER | |
| control field | L152875 |
| 008 - FIXED-LENGTH DATA ELEMENTS--GENERAL INFORMATION | |
| fixed length control field | 110510e20110507xxk 000 0 eng d |
| 035 ## - SYSTEM CONTROL NUMBER | |
| System control number | (Sirsi) u152875 |
| 041 0# - LANGUAGE CODE | |
| Language code of text/sound track or separate title | eng |
| 100 1# - MAIN ENTRY--PERSONAL NAME | |
| Personal name | Simmons, Mark |
| 245 00 - TITLE STATEMENT | |
| Title | Focus |
| Remainder of title | London, City and Docklands |
| 260 ## - PUBLICATION, DISTRIBUTION, ETC. | |
| Date of publication, distribution, etc. | 2011 |
| 490 ## - SERIES STATEMENT | |
| Series statement | Estates Gazette |
| Volume/sequential designation | (1118) 7 May 2011, 87-(11) |
| 520 ## - SUMMARY, ETC. | |
| Summary, etc. | Reviews occupiers' requirements in the City of London. Influx of Asian pension funds leading the overseas investors in the City of London including Malaysia's Employees Fund and National Pension Service of Korea. Heron International's 36 storey tower of luxury residential apartments is popular with both owner occupiers and investors due to location and public transport links. Market in numbers looks at City of London and London Docklands supply and speculative development, occupier demand and net absorption from 1 Qr 2006 to 1 Qr 2011. |
| 590 ## - LOCAL NOTE (RLIN) | |
| Local note | KA |
| 690 ## - LOCAL SUBJECT ADDED ENTRY--TOPICAL TERM (OCLC, RLIN) | |
| Topical term or geographic name as entry element | PROPERTY-COMMERCIAL PROPERTY-COMMERCIAL PROPERTY MARKET |
| 700 1# - ADDED ENTRY--PERSONAL NAME | |
| Personal name | Buckley, James |
| 700 1# - ADDED ENTRY--PERSONAL NAME | |
| Personal name | Norwood, Graham |
| 700 1# - ADDED ENTRY--PERSONAL NAME | |
| Personal name | Cunningham, Daniel |
| 942 ## - ADDED ENTRY ELEMENTS (KOHA) | |
| Suppress in OPAC | 0 |
| Withdrawn status | Lost status | Source of classification or shelving scheme | Damaged status | Not for loan | Home library | Current library | Shelving location | Date acquired | Total Checkouts | Full call number | Barcode | Date last seen | Copy number | Price effective from | Koha item type |
|---|---|---|---|---|---|---|---|---|---|---|---|---|---|---|---|
| Dewey Decimal Classification | London | London | Journal article | 10/05/2011 | L152875 | 152875-1001 | 06/08/2019 | 1 | 06/08/2019 | Journal article |